[Event "WCPL, U-1850"]
[Site "Bridgend"]
[Date "2025.02.23"]
[Round "4.1"]
[Board "3"]
[White "Harle, Bill"]
[Black "Jeanes, Andrew"]
[Result "1/2-1/2"]
[WhiteElo "1824"]
[BlackElo "1778"]
[PlyCount "62"]
[GameId "2149254551704420"]
[EventDate "2025.02.25"]
[EventType "team-swiss"]
[EventRounds "6"]
[EventCountry "WLS"]
[WhiteTeam "Cardiff Tigers"]
[BlackTeam "The Full Ponty"]

1. d4 e6 2. c4 d5 3. Nc3 c6 4. g3 Nf6 5. e3 Be7 6. cxd5 exd5 7. Bg2 O-O 8. Nge2 Bf5 9. O-O Nbd7 10. b3 Nb6 11. a4 a5 12. Bd2 Bb4 13. Na2 Bxd2 14. Qxd2 Ne4 15. Qc1 Qe7 16. Nec3 Nxc3 17. Nxc3 Nd7 18. Re1 Nf6 19. f3 Qd7 20. Qd2 Bh3 21. e4 Bxg2 22. Kxg2 dxe4 23. Nxe4 Nd5 24. Nc5 Qc7 25. Re2 b6 26. Ne4 Rfe8 27. Rae1 Qd7 28. Qd3 Nb4 29. Qd2 h6 30. Re3 Rad8 31. Rd1 Nd5 1/2-1/2

[Event "WCPL, U-1850"]
[Site "Bridgend"]
[Date "2025.02.23"]
[Round "4.3"]
[Board "1"]
[White "Swamy, Anshul"]
[Black "Choung, James"]
[Result "1-0"]
[WhiteElo "1677"]
[BlackElo "1627"]
[PlyCount "119"]
[GameId "2149924667683367"]
[EventDate "2025.02.25"]
[EventType "team-swiss"]
[EventRounds "6"]
[EventCountry "WLS"]
[WhiteTeam "North Cardiff B"]
[BlackTeam "North Cardiff A"]

1. e4 c5 2. Nc3 Nc6 3. Nf3 g6 4. Be2 Bg7 5. O-O d6 6. Bb5 a6 7. Bxc6+ bxc6 8. d4 cxd4 9. Nxd4 c5 10. Nf3 Nf6 11. e5 Ng4 12. exd6 exd6 13. Re1+ Ne5 14. Nxe5 dxe5 15. Qxd8+ Kxd8 16. Na4 Bf5 17. Re2 Rc8 18. Be3 c4 19. h3 Be6 20. Rd1+ Ke7 21. Nc3 Rhd8 22. Rde1 e4 23. Nxe4 Bxb2 24. Bg5+ f6 25. Nxf6 Bxf6 26. Rxe6+ Kf7 27. Rxf6+ Kg8 28. Rxa6 Rd5 29. Be3 Re8 30. Rc6 Ra5 31. Rxc4 Rxa2 32. Rc7 Re5 33. Rb1 Ra8 34. Rbb7 Rh5 35. Bc5 Kh8 36. Bd4+ Kg8 37. Rg7+ Kf8 38. Rbc7 Rd8 39. Bc3 Rb8 40. Rxh7 Rxh7 41. Rxh7 Rb1+ 42. Kh2 Rc1 43. Bb4+ Kg8 44. Rc7 Rb1 45. c3 Rb2 46. Kg3 Rb3 47. Kg4 Rb2 48. Bc5 Rc2 49. Be3 Re2 50. Kg5 Ra2 51. Kxg6 Ra6+ 52. Kg5 Re6 53. c4 Re5+ 54. Kf6 Re8 55. Bd4 Rf8+ 56. Kg6 Rd8 57. Rg7+ Kf8 58. Bc5+ Ke8 59. Rg8+ Kd7 60. Rxd8+ 1-0

[Event "WCPL, U-1850"]
[Site "Bridgend"]
[Date "2025.02.23"]
[Round "4.3"]
[Board "2"]
[White "Zheng, Lucas"]
[Black "Hoccom, Sebastian"]
[Result "1-0"]
[Annotator "Home"]
[WhiteElo "1578"]
[BlackElo "1474"]
[PlyCount "73"]
[GameId "2149240496676928"]
[EventDate "2025.02.25"]
[EventType "team-swiss"]
[EventRounds "6"]
[EventCountry "WLS"]
[WhiteTeam "North Cardiff A"]
[BlackTeam "North Cardiff B"]

{[%evp 0,73,23,27,18,12,13,15,23,-4,-24,47,52,49,50,78,43,51,99,101,160,68,339,262,259,66,66,205,223,48,118,142,68,72,58,37,-40,24,-1,0,86,3,-30,1,126,156,166,166,172,120,149,120,136,99,123,66,12,91,220,213,605,557,933,920,927,966,2158,29976,29991,29992,29995,29996,29997,29998,29999,29999]} 1. e4 e5 2. Nf3 Nc6 3. d4 exd4 4. Bc4 Bc5 5. c3 dxc3 6. Bxf7+ Kxf7 7. Qd5+ Ke8 8. Qh5+ g6 9. Qxc5 Qe7 10. Qxc3 Qxe4+ 11. Be3 Qb4 12. O-O Qxc3 13. Nxc3 Nf6 14. Nd4 d5 15. Nxc6 bxc6 16. Bd4 Rf8 17. Rfe1+ Kf7 18. Re3 Bf5 19. Rae1 Ne4 20. f3 c5 21. Nxe4 dxe4 22. Bxc5 Rfe8 23. fxe4 Bd7 24. e5 Re6 25. Rf1+ Kg8 26. Rf6 a5 27. Rd3 Rxf6 28. exf6 Bf5 29. Re3 Rd8 30. Re7 Rd6 31. f7+ Kg7 32. Rxc7 Rd1+ 33. Kf2 Kh6 34. f8=Q+ Kg5 35. Be3+ Kg4 36. h3+ Kh4 37. Rxh7# 1-0

[Event "WCPL, U-1850"]
[Site "Bridgend"]
[Date "2025.02.23"]
[Round "4.3"]
[Board "3"]
[White "Bartlett-Davis, Otto"]
[Black "Popov, Constantine"]
[Result "1-0"]
[Annotator "Home"]
[WhiteElo "1406"]
[BlackElo "1368"]
[PlyCount "31"]
[GameId "2149242684055673"]
[EventDate "2025.02.25"]
[EventType "team-swiss"]
[EventRounds "6"]
[EventCountry "WLS"]
[WhiteTeam "North Cardiff B"]
[BlackTeam "North Cardiff A"]

{[%evp 0,31,13,40,42,33,51,23,58,51,58,29,51,11,38,43,38,42,70,73,97,32,90,127,227,394,456,441,595,464,718,685,1439,1461]} 1. e4 b6 2. Nc3 g6 3. d4 Bg7 4. Nf3 Bb7 5. g3 Nf6 6. d5 e6 7. Bg2 O-O 8. O-O c5 9. h3 Ba6 10. Re1 Re8 11. e5 Nh5 12. g4 f5 13. gxh5 gxh5 14. dxe6 Rxe6 15. Ng5 Rg6 16. Qd5+ 1-0

[Event "WCPL, U-1850"]
[Site "Bridgend"]
[Date "2025.02.23"]
[Round "4.4"]
[Board "1"]
[White "Heatman, Jordan"]
[Black "Stuart, Neil"]
[Result "0-1"]
[Annotator "Home"]
[WhiteElo "1815"]
[BlackElo "1827"]
[PlyCount "64"]
[GameId "2149243906588859"]
[EventDate "2025.02.25"]
[EventType "team-swiss"]
[EventRounds "6"]
[EventCountry "WLS"]
[WhiteTeam "Castell Nedd"]
[BlackTeam "Morriston Extra"]

{[%evp 0,64,13,18,32,74,19,19,1,20,20,14,4,-6,4,19,3,-2,-13,-42,0,-11,8,14,42,18,1,10,-11,75,21,13,-43,0,-81,-18,43,-98,-37,-72,1,-33,-3,-82,-44,-120,-83,-83,-33,-201,-217,-54,-174,-3,-48,-182,29997,126,29997,-349,-279,-934,-609,-747,-752,-771,-864]} 1. e4 c5 2. Nf3 e6 3. d4 cxd4 4. Nxd4 Nf6 5. Bd3 Nc6 6. Nb3 d6 7. O-O Be7 8. Be3 O-O 9. f4 Qc7 10. Nc3 a6 11. g4 b5 12. g5 Nd7 13. Qh5 Nb4 14. Rf3 Rd8 15. Rh3 Nf8 16. Rf1 Nxd3 17. cxd3 d5 18. Bd4 b4 19. Ne2 a5 20. Rc1 Qb8 21. Ng3 a4 22. Nc5 dxe4 23. Be5 Bd6 24. Ngxe4 Bxe5 25. fxe5 Qxe5 26. Rf1 Qd4+ 27. Kh1 Rd5 28. Rh4 Qxb2 29. Rhf4 Rf5 30. R1f3 Qxa2 31. Rxf5 exf5 32. Nd6 Qd5 0-1

[Event "WCPL, U-1850"]
[Site "Bridgend"]
[Date "2025.02.23"]
[Round "4.4"]
[Board "2"]
[White "Smith, Andrew"]
[Black "Griffiths, Hywel"]
[Result "1/2-1/2"]
[Annotator "Home"]
[WhiteElo "1729"]
[BlackElo "1803"]
[PlyCount "82"]
[GameId "2149246350897350"]
[EventDate "2025.02.25"]
[EventType "team-swiss"]
[EventRounds "6"]
[EventCountry "WLS"]
[WhiteTeam "Morriston Extra"]
[BlackTeam "Castell Nedd"]

{[%evp 0,82,11,21,18,-38,18,23,20,7,0,19,31,41,20,9,14,2,9,31,32,30,48,-21,-27,-13,-15,-32,-26,-23,-43,-32,-32,-17,-14,77,-22,37,3,-16,35,38,32,10,94,19,403,406,436,330,465,476,521,350,566,216,763,614,750,472,500,195,399,575,446,502,247,470,511,345,422,298,190,334,202,298,310,105,156,213,212,232,155,181,241]} 1. e4 c5 2. Nf3 g6 3. d4 cxd4 4. Nxd4 Bg7 5. Nc3 Nc6 6. Be3 Nf6 7. Bc4 O-O 8. Bb3 e6 9. O-O d5 10. exd5 Nxd5 11. Nxc6 bxc6 12. Nxd5 cxd5 13. c3 a5 14. Re1 Bd7 15. Bd4 a4 16. Bc2 Qc7 17. Bxg7 Kxg7 18. Qd4+ Kg8 19. Re3 a3 20. b3 Rac8 21. h4 h5 22. Rg3 Kh7 23. Qf6 Rg8 24. Qxf7+ Rg7 25. Bxg6+ Kh8 26. Qf6 Qd8 27. Qf4 Qe7 28. Qh6+ Kg8 29. Qxh5 Be8 30. Bh7+ Kh8 31. Bg6+ Kg8 32. Bxe8 Rxg3 33. fxg3 Rxe8 34. Qe5 Rf8 35. Rf1 Qc5+ 36. Qd4 Qxd4+ 37. cxd4 Rc8 38. Rf2 Rc1+ 39. Rf1 Rc2 40. Rf2 Rc1+ 41. Rf1 Rc2 1/2-1/2

[Event "WCPL, U-1850"]
[Site "Bridgend"]
[Date "2025.02.23"]
[Round "4.4"]
[Board "3"]
[White "Di-Vetta, Andrew"]
[Black "Beeston, Darson"]
[Result "1-0"]
[Annotator "Home"]
[WhiteElo "1778"]
[BlackElo "1700"]
[PlyCount "85"]
[GameId "2149246350897350"]
[EventDate "2025.02.25"]
[EventType "team-swiss"]
[EventRounds "6"]
[EventCountry "WLS"]
[WhiteTeam "Castell Nedd"]
[BlackTeam "Morriston Extra"]

{[%evp 0,82,11,21,18,-38,18,23,20,7,0,19,31,41,20,9,14,2,9,31,32,30,48,-21,-27,-13,-15,-32,-26,-23,-43,-32,-32,-17,-14,77,-22,37,3,-16,35,38,32,10,94,19,403,406,436,330,465,476,521,350,566,216,763,614,750,472,500,195,399,575,446,502,247,470,511,345,422,298,190,334,202,298,310,105,156,213,212,232,155,181,241]} 1. Nf3 Nf6 2. c4 e6 3. g3 d5 4. cxd5 exd5 5. Bg2 Be7 6. O-O O-O 7. d3 b6 8. Qc2 Bb7 9. Bf4 c5 10. Na3 Nc6 11. Rac1 Rc8 12. Bh3 Nb4 13. Qb1 Nd7 14. Nb5 a6 15. Nd6 Bxd6 16. Bxd6 Re8 17. a3 Nc6 18. b4 Rxe2 19. bxc5 Qf6 20. Nh4 Rb2 21. Qa1 Nd4 22. Qxb2 Nf3+ 23. Nxf3 Qxb2 24. Bxd7 Rd8 25. c6 Bc8 26. Be7 Re8 27. Bxe8 Bg4 28. c7 h6 29. c8=Q Bxc8 30. Rxc8 Qe2 31. Bc6+ Kh7 32. Bxd5 Qxd3 33. Rd8 Qe2 34. Re1 Qb2 35. Bxf7 g5 36. Bg8+ Kg7 37. Bb4 a5 38. Rd7+ Kh8 39. Re8 Qb1+ 40. Be1 Qg6 41. Bf7+ Qg8 42. Rxg8+ Kh7 43. Ba2# 1-0

[Event "WCPL, U-1850"]
[Site "Bridgend"]
[Date "2025.02.23"]
[Round "4.4"]
[Board "4"]
[White "Brown, Sam JC"]
[Black "Hill, Glyn"]
[Result "1-0"]
[WhiteElo "1700"]
[BlackElo "1557"]
[PlyCount "68"]
[GameId "2149249563603553"]
[EventDate "2025.02.25"]
[EventType "team-swiss"]
[EventRounds "6"]
[EventCountry "WLS"]
[WhiteTeam "Morriston Extra"]
[BlackTeam "Castell Nedd"]

1. d4 d5 2. c4 e6 3. Nf3 a6 4. Nc3 dxc4 5. a4 c6 6. e4 b5 7. axb5 cxb5 8. Nxb5 Bb7 9. Nc3 Bb4 10. Qa4+ Nc6 11. d5 exd5 12. exd5 Qxd5 13. Bd2 Qe6+ 14. Be2 Nf6 15. O-O O-O 16. Ng5 Qc8 17. Bxc4 Qc7 18. Rac1 Rad8 19. Be3 Ng4 20. Nf3 Bd6 21. h3 Nxe3 22. fxe3 Ne5 23. Nxe5 Bxe5 24. Nd1 Bh2+ 25. Kh1 Rd2 26. Bxf7+ Qxf7 27. Rxf7 Rxf7 28. Qe8+ Rf8 29. Qe6+ Rf7 30. e4 Bf4 31. Nc3 Rxb2 32. Rf1 g5 33. g3 Kg7 34. gxf4 Rb3 1-0

[Event "WCPL Open"]
[Site "Bridgend"]
[Date "2025.03.23"]
[Round "4.1"]
[Board "1"]
[White "Young, Alan J"]
[Black "Harding, Gareth"]
[Result "1-0"]
[Annotator "Home"]
[WhiteElo "2005"]
[BlackElo "1821"]
[PlyCount "45"]
[GameId "2158703847465048"]
[EventDate "2025.03.23"]
[EventType "team-tourn"]
[EventRounds "5"]
[EventCountry "WLS"]
[WhiteTeam "White Knights"]
[BlackTeam "The Full Ponty"]

{[%evp 0,45,11,21,27,39,2,-1,1,-35,8,14,9,13,33,33,62,156,48,87,128,117,306,322,347,320,312,300,298,314,360,372,399,305,434,411,428,413,411,423,400,431,471,507,497,514,568,575]} 1. e4 c6 2. c4 d5 3. exd5 cxd5 4. cxd5 Nf6 5. Nc3 Nxd5 6. Nf3 Nxc3 7. bxc3 Bg4 8. Bc4 e6 9. Qa4+ Nc6 10. Ne5 Qd6 11. Nxg4 Be7 12. Bb5 O-O 13. Bxc6 bxc6 14. d4 f6 15. O-O h5 16. Ne3 f5 17. Nc4 Qd5 18. Ne5 Rfc8 19. Re1 c5 20. Ba3 Bd6 21. c4 Qxd4 22. Rad1 Qc3 23. Re3 1-0

[Event "WCPL Open"]
[Site "Bridgend"]
[Date "2025.03.23"]
[Round "4.1"]
[Board "2"]
[White "Jeanes, Andrew"]
[Black "Yeo, Gareth"]
[Result "0-1"]
[WhiteElo "1789"]
[BlackElo "1993"]
[PlyCount "80"]
[GameId "2158702684069954"]
[EventDate "2025.03.23"]
[EventType "team-tourn"]
[EventRounds "5"]
[EventCountry "WLS"]
[WhiteTeam "The Full Ponty"]
[BlackTeam "White Knights"]

1. c4 Nf6 2. Nc3 e6 3. d4 d5 4. e3 Bb4 5. Bd2 O-O 6. a3 Be7 7. Nf3 a6 8. Be2 dxc4 9. Bxc4 b5 10. Be2 Bb7 11. O-O c5 12. dxc5 Bxc5 13. Na2 Nc6 14. Rc1 Qe7 15. Qc2 Ba7 16. Nb4 Rac8 17. Nxc6 Rxc6 18. Bc3 Nd5 19. Qb3 Nxc3 20. Rxc3 Qf6 21. Rfc1 Rxc3 22. Rxc3 Bb8 23. h3 e5 24. Rc1 e4 25. Nd4 Qe5 26. g3 h5 27. h4 g5 28. Kh1 gxh4 29. Rg1 Kh8 30. Qc3 Rc8 31. Qb3 Bd5 32. Qd1 Rg8 33. f4 exf3 34. Bxf3 Rxg3 35. Rxg3 Qxg3 36. Qe2 Bxf3+ 37. Nxf3 h3 38. b4 f6 39. Nd4 Qg4 40. Qc2 h2 0-1

[Event "WCPL Open"]
[Site "Bridgend"]
[Date "2025.03.23"]
[Round "4.1"]
[Board "3"]
[White "Garcia, Jason"]
[Black "Slegg, Gary"]
[Result "1-0"]
[WhiteElo "1993"]
[BlackElo "1688"]
[PlyCount "57"]
[GameId "2158703891202144"]
[EventDate "2025.03.23"]
[EventType "team-tourn"]
[EventRounds "5"]
[EventCountry "WLS"]
[WhiteTeam "White Knights"]
[BlackTeam "The Full Ponty"]

1. Nf3 c5 2. c4 Nc6 3. d4 cxd4 4. Nxd4 Nf6 5. Nc3 g6 6. e4 d6 7. Be2 Nxd4 8. Qxd4 Bg7 9. Be3 O-O 10. Qd3 Be6 11. Rc1 Qa5 12. O-O Rfc8 13. b3 Nd7 14. Bd4 Ne5 15. Qd2 a6 16. f4 Nc6 17. Bxg7 Kxg7 18. f5 Qc5+ 19. Kh1 Bd7 20. Nd5 f6 21. Rcd1 Kf7 22. b4 Nxb4 23. Qxb4 Qxb4 24. Nxb4 gxf5 25. exf5 b5 26. Bf3 Ra7 27. Bd5+ Kf8 28. Rf4 bxc4 29. Rg4 1-0

[Event "WCPL Open"]
[Site "Bridgend"]
[Date "2025.03.23"]
[Round "4.1"]
[Board "4"]
[White "Stephens, Kevin"]
[Black "Davis, Lee"]
[Result "0-1"]
[WhiteElo "1705"]
[BlackElo "1955"]
[PlyCount "90"]
[GameId "2158704850657387"]
[EventDate "2025.03.23"]
[EventType "team-tourn"]
[EventRounds "5"]
[EventCountry "WLS"]
[WhiteTeam "The Full Ponty"]
[BlackTeam "White Knights"]

1. e4 g6 2. d3 Bg7 3. Ne2 c5 4. Nbc3 Nc6 5. Be3 d6 6. h3 e6 7. d4 cxd4 8. Nxd4 Nge7 9. Qd2 O-O 10. O-O-O d5 11. h4 Qa5 12. f3 Nxd4 13. Bxd4 e5 14. Bf2 d4 15. Nd5 Qxd2+ 16. Kxd2 Nxd5 17. exd5 Rd8 18. Bc4 a6 19. h5 b5 20. Bd3 Bb7 21. hxg6 hxg6 22. Rh4 Bxd5 23. Re1 f5 24. a4 Bf6 25. Rh3 Bc4 26. Bh4 g5 27. Bg3 Bxd3 28. Kxd3 Re8 29. axb5 axb5 30. Bf2 Re7 31. Rh6 Rf8 32. Re2 Kg7 33. Rh1 Rfe8 34. Rhe1 Kf7 35. g4 Kg6 36. Bg3 f4 37. Bf2 Rh8 38. Ke4 Rc7 39. Kd3 Rh3 40. Ke4 Rc4 41. Rf1 d3+ 42. Kxd3 Rxf3+ 43. Kd2 e4 44. b3 e3+ 45. Bxe3 fxe3+ 0-1

[Event "WCPL Open"]
[Site "Bridgend"]
[Date "2025.03.23"]
[Round "4.1"]
[Board "5"]
[White "Prabhu, Vismith"]
[Black "Ringen, Oyvind"]
[Result "0-1"]
[WhiteElo "1759"]
[BlackElo "1657"]
[PlyCount "79"]
[GameId "2158708152090745"]
[EventDate "2025.03.23"]
[EventType "team-tourn"]
[EventRounds "5"]
[EventCountry "WLS"]
[WhiteTeam "White Knights"]
[BlackTeam "The Full Ponty"]

1. d4 Nf6 2. c4 g6 3. f3 Bg7 4. e4 d6 5. Nc3 c6 6. Bg5 Qa5 7. Qd2 Nbd7 8. Nge2 b5 9. cxb5 cxb5 10. Nc1 b4 11. Nd1 Rb8 12. a4 Ba6 13. Nb3 Qb6 14. Ne3 Bxf1 15. Rxf1 O-O 16. a5 Qb5 17. Bh4 Rfc8 18. Kf2 e5 19. Kg1 Rc7 20. Rfc1 Rbc8 21. Rxc7 Rxc7 22. Rc1 Rxc1+ 23. Nxc1 Qxa5 24. Nc4 Qc7 25. Qxb4 exd4 26. Nb3 d5 27. Ncd2 dxe4 28. Qxd4 exf3 29. Nxf3 Nh5 30. Qd2 Nc5 31. Qc2 Ne6 32. Qe4 Qb6+ 33. Nbd4 Bxd4+ 34. Nxd4 Qxd4+ 35. Qxd4 Nxd4 36. Bf2 Nc6 37. Kf1 Kf8 38. Ke2 Nf4+ 39. Kf3 Nd3 40. Bc5+ 0-1

[Event "WCPL Open"]
[Site "Bridgend"]
[Date "2025.03.23"]
[Round "4.2"]
[Board "1"]
[White "Phillips, Roy"]
[Black "De La Cruz Loredo, Ivan"]
[Result "0-1"]
[Annotator "Home"]
[WhiteElo "2164"]
[BlackElo "2053"]
[PlyCount "108"]
[GameId "2159048243544314"]
[EventDate "2025.03.23"]
[EventType "team-tourn"]
[EventRounds "5"]
[EventCountry "WLS"]
[WhiteTeam "Morriston Argonauts"]
[BlackTeam "Cardiff"]

{[%evp 0,108,12,35,15,6,11,-24,60,36,61,52,61,59,69,69,74,61,73,-6,0,0,66,-19,18,41,17,19,58,-10,56,-47,-61,-74,-171,-61,-61,-77,-57,-90,-109,-80,-97,-74,-62,-154,-125,-102,-117,-157,-157,-162,-157,-156,-1,1,-1,-188,-228,-198,-217,-57,-140,-217,1,-130,-170,-232,-57,-233,-270,-264,-252,-237,-250,-89,-165,-278,-276,-266,-260,-252,-266,-355,-406,-405,-405,-265,-317,-443,-415,-496,-414,-482,-466,-433,-406,-397,-479,-640,-649,-672,-680,-649,-689,-681,-703,-702,-665,-713,-609]} 1. d4 d5 2. c4 e6 3. Nc3 f5 4. Bf4 c6 5. e3 Nf6 6. Bd3 Be7 7. h3 O-O 8. Qc2 Ne4 9. O-O-O Na6 10. a3 Qa5 11. Na2 b5 12. c5 g5 13. Be5 b4 14. Bxe4 fxe4 15. Qd2 Qa4 16. Nxb4 Nxb4 17. Qxb4 Qxb4 18. axb4 Rxf2 19. Rd2 Rf1+ 20. Rd1 Ba6 21. h4 g4 22. g3 Rf2 23. Rd2 Rf1+ 24. Rd1 Rf2 25. Rd2 Raf8 26. Bf4 R8xf4 27. gxf4 Rf1+ 28. Kc2 Bd3+ 29. Kb3 Bc4+ 30. Kc3 Bd3 31. b3 Rc1+ 32. Kb2 Rb1+ 33. Ka2 Re1 34. Rg2 h5 35. Rg3 Kf7 36. Rh2 Bd8 37. Kb2 a5 38. Rh1 axb4 39. Rh2 Bc7 40. Rh1 Rb1+ 41. Ka2 Re1 42. Rh2 Bd8 43. Kb2 Bf6 44. Ka2 Ke8 45. Kb2 Kd7 46. Ka2 Be7 47. Kb2 Bd8 48. Ka2 Bf6 49. Kb2 Rxe3 50. Rxe3 Bxd4+ 51. Ka2 Bxe3 52. Ne2 Bxe2 53. Rxe2 Bxf4 54. Kb2 Bg3 0-1

[Event "WCPL Open"]
[Site "Bridgend"]
[Date "2025.03.23"]
[Round "4.2"]
[Board "2"]
[White "Fathallah, Joe"]
[Black "Musson, Adam J"]
[Result "0-1"]
[Annotator "Home"]
[WhiteElo "1985"]
[BlackElo "1998"]
[PlyCount "74"]
[GameId "2159051643957729"]
[EventDate "2025.03.23"]
[EventType "team-tourn"]
[EventRounds "5"]
[EventCountry "WLS"]
[WhiteTeam "Cardiff"]
[BlackTeam "Morriston Argonauts"]

{[%evp 0,74,11,35,15,16,12,20,37,23,22,25,21,21,24,25,21,14,17,8,3,-4,-10,-31,-33,-17,-41,-55,16,-7,-2,-50,-57,-53,-36,-51,-49,-140,-150,-143,-133,-175,-114,-394,-215,-52,-153,-187,-203,-197,-134,-33,-121,-180,-180,-55,-193,-142,-199,-188,-184,-288,-242,-236,-259,-261,-148,-259,-298,-376,-469,-542,-340,-537,-551,-570,-427]} 1. d4 Nf6 2. c4 e6 3. Nf3 Bb4+ 4. Bd2 Be7 5. Nc3 d5 6. Bg5 Nbd7 7. e3 O-O 8. Qc2 c5 9. Rd1 cxd4 10. exd4 b6 11. Bd3 dxc4 12. Bxc4 Bb7 13. Qe2 Nh5 14. Bxe7 Qxe7 15. Qe3 Qf6 16. Ne4 Qf4 17. Bd3 Ndf6 18. Qxf4 Nxf4 19. Nxf6+ gxf6 20. Nh4 Rfd8 21. O-O Rac8 22. Rfe1 Kg7 23. Bf1 Rc2 24. g3 Nd5 25. Re2 Rdc8 26. Nf3 Nb4 27. Ne1 Rc1 28. Rxc1 Rxc1 29. a3 Ba6 30. Re3 Bxf1 31. Kxf1 Nc2 32. Re2 Nxd4 33. Re4 Nf3 34. Ke2 Nxe1 35. Kd2 Rb1 36. Rxe1 Rxb2+ 37. Kc3 Rxf2 0-1

[Event "WCPL Open"]
[Site "Bridgend"]
[Date "2025.03.23"]
[Round "4.2"]
[Board "3"]
[White "Morris, Gareth"]
[Black "Tapp, James"]
[Result "0-1"]
[WhiteElo "1956"]
[BlackElo "1984"]
[PlyCount "58"]
[GameId "2159087372144884"]
[EventDate "2025.03.23"]
[EventType "team-tourn"]
[EventRounds "5"]
[EventCountry "WLS"]
[WhiteTeam "Morriston Argonauts"]
[BlackTeam "Cardiff"]

1. d4 Nf6 2. Nf3 d5 3. c4 e6 4. Nc3 Bb4 5. Qa4+ Nc6 6. e3 O-O 7. Bd3 dxc4 8. Bxc4 Bd6 9. O-O e5 10. dxe5 Nxe5 11. Be2 c6 12. Rd1 Qe7 13. g3 Re8 14. Nxe5 Bxe5 15. Bd2 Bf5 16. Be1 Bc7 17. Rac1 Bb6 18. Qf4 Be6 19. Bf3 Rad8 20. e4 Bc7 21. Qe3 Bb6 22. Qe2 Nd7 23. Bg2 Ne5 24. Kh1 Bc4 25. Qc2 Nd3 26. b3 Ba6 27. Ra1 Qf6 28. f4 Qd4 29. Qd2 Qg1# 0-1

[Event "WCPL Open"]
[Site "Bridgend"]
[Date "2025.03.23"]
[Round "4.2"]
[Board "4"]
[White "Vikova, Anezka"]
[Black "Matteo, Favoni"]
[Result "1-0"]
[WhiteElo "1952"]
[BlackElo "2019"]
[PlyCount "69"]
[GameId "2159088496894226"]
[EventDate "2025.03.23"]
[EventType "team-tourn"]
[EventRounds "5"]
[EventCountry "WLS"]
[WhiteTeam "Cardiff"]
[BlackTeam "Morriston Argonauts"]

1. e4 c5 2. Nc3 Nc6 3. g3 g6 4. Bg2 Bg7 5. Nge2 e6 6. O-O Nge7 7. d3 O-O 8. Bg5 h6 9. Be3 Nd4 10. Qd2 Kh7 11. Rab1 d6 12. b4 Nxe2+ 13. Nxe2 cxb4 14. Rxb4 b6 15. a4 Nc6 16. Rb3 Bd7 17. Rfb1 Na5 18. Ra3 Rc8 19. Bd4 Bxd4 20. Nxd4 Qc7 21. c3 Qc5 22. Rb4 Nc6 23. Nxc6 Bxc6 24. Qa2 Rfd8 25. a5 bxa5 26. Rc4 Qh5 27. Rxa5 Qd1+ 28. Bf1 d5 29. Rb4 Rb8 30. Rxa7 Kg8 31. Qa5 Rbc8 32. Rb6 Be8 33. Qa6 Rxc3 34. Rxe6 Rc1 35. Rxg6+ 1-0

[Event "WCPL Open"]
[Site "Bridgend"]
[Date "2025.03.23"]
[Round "4.2"]
[Board "5"]
[White "Jones, Ian Robert"]
[Black "Jukes, Sam"]
[Result "0-1"]
[WhiteElo "1956"]
[BlackElo "1895"]
[PlyCount "100"]
[GameId "2159090741744035"]
[EventDate "2025.03.23"]
[EventType "team-tourn"]
[EventRounds "5"]
[EventCountry "WLS"]
[WhiteTeam "Morriston Argonauts"]
[BlackTeam "Cardiff"]

1. e4 Nc6 2. Nf3 e5 3. Nc3 Nf6 4. g3 Bc5 5. Bg2 O-O 6. d3 h6 7. O-O a5 8. h3 d5 9. exd5 Nxd5 10. Nxd5 Qxd5 11. Re1 Qd6 12. Bd2 f5 13. Bc3 f4 14. g4 Bd4 15. Bxd4 exd4 16. c3 dxc3 17. Qb3+ Kh8 18. bxc3 a4 19. Qc4 Bd7 20. d4 b5 21. Qd3 Rab8 22. Nh4 Rf6 23. Be4 Ne7 24. Nf3 Nd5 25. Bxd5 Qxd5 26. Re5 Qd6 27. Rae1 b4 28. cxb4 Rxb4 29. g5 hxg5 30. Rxg5 Rb8 31. Ne5 Be8 32. Rg4 Rd8 33. Rh4+ Rh6 34. Rxf4 Bg6 35. Nxg6+ Rxg6+ 36. Rg4 Rxg4+ 37. hxg4 c5 38. d5 Kg8 39. Kf1 Qh2 40. Qe4 Qh3+ 41. Kg1 Rd6 42. Qxa4 Rg6 43. Re4 Kh7 44. Qd7 Qf3 45. Ra4 Rf6 46. g5 Qxf2+ 47. Kh1 Qf1+ 48. Kh2 Rf2+ 49. Kg3 Qg1+ 50. Kh4 Rh2+ 0-1

[Event "WCPL Open"]
[Site "Bridgend"]
[Date "2025.03.23"]
[Round "4.3"]
[Board "1"]
[White "Kett, Timothy J"]
[Black "Fowler, Hugo"]
[Result "1/2-1/2"]
[Annotator "Home"]
[WhiteElo "2104"]
[BlackElo "1982"]
[PlyCount "33"]
[GameId "2158709663740037"]
[EventDate "2025.03.23"]
[EventType "team-tourn"]
[EventRounds "5"]
[EventCountry "WLS"]
[WhiteTeam "Rhyfelwyr Essyllwg"]
[BlackTeam "North Cardiff"]

{[%evp 0,33,11,26,19,9,21,20,17,13,15,12,49,9,25,14,14,19,22,12,21,14,9,1,-7,-10,-4,-8,15,-3,-23,45,-12,-12,0,-8]} 1. d4 d5 2. Nf3 Nf6 3. c4 c5 4. dxc5 e6 5. cxd5 Qxd5 6. Qxd5 Nxd5 7. Bd2 Bxc5 8. Nc3 Nxc3 9. Bxc3 f6 10. g3 Nc6 11. Bg2 e5 12. O-O Be6 13. Nd2 Nd4 14. Bxd4 Bxd4 15. e3 Bxb2 16. Rab1 Ba3 17. Bxb7 1/2-1/2

[Event "WCPL Open"]
[Site "Bridgend"]
[Date "2025.03.23"]
[Round "4.3"]
[Board "3"]
[White "Hewitt, William"]
[Black "Mcgregor, John"]
[Result "1/2-1/2"]
[Annotator "Home"]
[WhiteElo "1977"]
[BlackElo "1894"]
[PlyCount "69"]
[GameId "2158711442530460"]
[EventDate "2025.03.23"]
[EventType "team-tourn"]
[EventRounds "5"]
[EventCountry "WLS"]
[WhiteTeam "Rhyfelwyr Essyllwg"]
[BlackTeam "North Cardiff"]

{[%evp 0,69,11,21,10,-43,18,16,12,26,31,29,98,34,31,38,27,73,46,54,46,49,62,61,63,43,86,43,0,60,54,79,35,15,17,47,41,32,-131,27,28,28,-198,-14,6,-59,48,53,64,-6,11,-17,65,197,115,101,112,105,108,98,96,96,96,101,83,98,103,96,127,9,126,-19]} 1. e4 c5 2. Nf3 Nc6 3. d4 cxd4 4. Nxd4 g6 5. c4 Bg7 6. Be3 d6 7. Nc3 Nxd4 8. Bxd4 Nf6 9. Be2 O-O 10. Qd2 Be6 11. O-O Qa5 12. Rad1 Rfe8 13. f4 Rac8 14. b3 Bd7 15. f5 Bc6 16. fxg6 hxg6 17. Qe3 Nd7 18. Bxg7 Kxg7 19. Bg4 Rc7 20. Bxd7 Rxd7 21. Qf4 Rf8 22. Nd5 Bxd5 23. Rxd5 Qc3 24. e5 dxe5 25. Rxe5 Rd4 26. Qg5 Rd7 27. Rxe7 Qd4+ 28. Kh1 Qd6 29. Rxd7 Qxd7 30. Qf6+ Kg8 31. h4 Re8 32. h5 Re6 33. Qf4 a6 34. h6 f5 35. Qb8+ 1/2-1/2